000 00264nam a2200109 4500
999 _c6523
_d6523
008 XXVI
020 _a9978-1-84480-667-6
_cXXVI
050 _a339 MAN
100 _aN. GREGORY MANKIW AND MARK P. TAYLOR
245 _aMICROECONOMICS
260 _aWASHINGTON;
_bTHOMSON,
_c2006.